000 00649nam a2200133Ia 4500
008 171212s9999 xx 000 0 und d
020 _a9781921536700
245 _ceditor Wanna, John
_aCritical Reflections on Australian Public Policy
_bSelected Essays
260 _bANU E Press
_c2009
440 _aAustralia and New Zealand School of Government (ANZSOG)
650 _aPolitical planning -- Australia; Policy sciences; Federal government -- Australia; Australia -- Politics and government -- 21st century; Australia -- Economic policy; Australia -- Social policy
650 _aPolitical Science
856 _uwww.jstor.org/stable/10.2307/j.ctt24h9m2
999 _c351059
_d351059